[Event "OpenVeteranLigueNPC"]
[Site "?"]
[Date "2014.11.24"]
[Round "1"]
[White "Deknuydt, Claudy"]
[Black "Wuhrmann, Daniel"]
[Result "1/2-1/2"]
[WhiteElo "1928"]
[BlackElo "1761"]
[PlyCount "109"]
[SourceDate "2014.11.25"]

1. e4 c5 2. Nf3 d6 3. b3 Nf6 4. Nc3 e5 5. Bb2 Be7 6. Bb5+ Nc6 7. d3 O-O 8. Bxc6
bxc6 9. Ne2 Nh5 10. h3 f5 11. Qd2 fxe4 12. dxe4 Nf4 13. Nxf4 Rxf4 14. Qd3 Qf8
15. Bc1 Rf7 16. c4 Ba6 17. O-O Rd8 18. Qe2 h6 19. Be3 Bf6 20. Rad1 d5 21. Bc1
d4 22. Nh2 Bc8 23. Rd3 Kh7 24. Ng4 Qe7 25. Bd2 Bg5 26. Bxg5 Qxg5 27. Rg3 Bxg4
28. Rxg4 Qe7 29. Qd3 Rdf8 30. Qd2 Rf4 31. Rxf4 Rxf4 32. f3 Rf7 33. g3 Qd7 34.
Kg2 Qb7 35. f4 exf4 36. gxf4 Qd7 37. Qd3 Qd8 38. Kg3 Qf6 39. h4 g5 40. hxg5
hxg5 41. Rh1+ Kg7 42. f5 Qe5+ 43. Kg2 Rf6 44. Qf3 Rh6 45. Rxh6 Kxh6 46. f6 Qf4
47. Qxf4 gxf4 48. Kf3 Kg6 49. Kxf4 Kxf6 50. e5+ Ke6 51. Ke4 a6 52. a3 a5 53. a4
Ke7 54. Kd3 Ke6 55. Ke4 1/2-1/2

[Event "OpenVeteranLigueNPC"]
[Site "?"]
[Date "2014.11.24"]
[Round "1"]
[White "Lucas, Jean"]
[Black "Weill, Serge"]
[Result "0-1"]
[WhiteElo "1754"]
[BlackElo "1923"]
[PlyCount "94"]
[SourceDate "2014.11.25"]

1. e4 e5 2. f4 exf4 3. Nf3 d5 4. exd5 Ne7 5. Nc3 Nxd5 6. Nxd5 Qxd5 7. d4 Bd6 8.
c4 Qe4+ 9. Kf2 Qf5 10. Bd3 Qf6 11. Re1+ Be7 12. Qe2 Nc6 13. Qe4 Bg4 14. Qxf4
Qxf4 15. Bxf4 O-O-O 16. Ne5 Nxe5 17. Bxe5 Bb4 18. Re3 f6 19. h3 fxe5 20. hxg4
exd4 21. Rh3 h6 22. Rd1 Rhf8+ 23. Bf5+ Kb8 24. Kg1 Rde8 25. a3 Be7 26. Bg6 Rd8
27. Rf3 Bg5 28. Rxd4 Be3+ 29. Rxe3 Rxd4 30. Re7 Rxc4 31. Bf5 g5 32. Rh7 Rc6 33.
Kf2 a5 34. Ke3 Ka7 35. Kd4 Kb6 36. Bd7 Rd6+ 37. Kc3 Rf2 38. b4 axb4+ 39. axb4
Rxg2 40. Bf5 Rh2 41. Kc4 Rh4 42. Kc3 Rf6 43. Kd3 h5 44. Bc8 hxg4 45. Rg7 Rf3+
46. Ke2 Rh2+ 47. Ke1 Ra3 0-1

[Event "OpenVeteranLigueNPC"]
[Site "?"]
[Date "2014.11.24"]
[Round "1"]
[White "Delobel, Bernard"]
[Black "Bougel, Claude"]
[Result "1-0"]
[WhiteElo "1892"]
[BlackElo "1718"]
[PlyCount "85"]
[SourceDate "2014.11.25"]

1. d4 Nf6 2. c4 e6 3. Nf3 c6 4. Nc3 d5 5. e3 Nbd7 6. cxd5 exd5 7. Be2 Bd6 8.
O-O O-O 9. Qc2 Re8 10. Bd3 Nf8 11. h3 Ng6 12. Bd2 Bd7 13. e4 dxe4 14. Nxe4 Nxe4
15. Bxe4 Qc7 16. Rfe1 Bf4 17. Bxf4 Qxf4 18. Bxg6 hxg6 19. Ne5 Be6 20. Qc3 Bd5
21. Re3 Rad8 22. Rae1 Qf5 23. Rg3 Re7 24. Nf3 Rde8 25. Rxe7 Rxe7 26. Qa3 Qe6
27. Qxa7 Bxa2 28. Ng5 Qe1+ 29. Kh2 Bd5 30. Re3 Rxe3 31. fxe3 Qb4 32. Qb8+ Qf8
33. Qxb7 f6 34. Nf3 Qd6+ 35. Kh1 Qg3 36. Qc8+ Kh7 37. Qg4 Qb8 38. e4 Bf7 39.
Qd7 Be8 40. Qe7 g5 41. b4 Bh5 42. e5 Bxf3 43. gxf3 1-0

[Event "OpenVeteranLigueNPC"]
[Site "?"]
[Date "2014.11.24"]
[Round "1"]
[White "Mahieu, Jacques"]
[Black "Patrat, Joel"]
[Result "1-0"]
[WhiteElo "1601"]
[BlackElo "1841"]
[PlyCount "75"]
[SourceDate "2014.11.25"]

1. c4 f5 2. Nc3 e6 3. d4 d5 4. Bf4 c6 5. e3 Nf6 6. a3 Bd6 7. Nh3 O-O 8. Be2 Ne4
9. Bxd6 Qxd6 10. c5 Qe7 11. O-O Nd7 12. Nxe4 fxe4 13. f4 exf3 14. Rxf3 Rxf3 15.
Bxf3 e5 16. Qc2 Nf6 17. Nf2 e4 18. Be2 Be6 19. b4 Nd7 20. a4 Qg5 21. Qd2 Rf8
22. b5 Rf6 23. Ra2 h5 24. bxc6 bxc6 25. Rb2 h4 26. Rb7 Rg6 27. Bf1 Nf6 28. Rc7
h3 29. g3 Nh5 30. Nxh3 Bxh3 31. Bxh3 Nxg3 32. Rc8+ Kh7 33. hxg3 Qxg3+ 34. Bg2
Rh6 35. Rf8 Rh3 36. Qf2 Qxe3 37. Bxh3 Qxh3 38. Qf5+ 1-0

[Event "OpenVeteranLigueNPC"]
[Site "?"]
[Date "2014.11.24"]
[Round "1"]
[White "Rosaia, Dany"]
[Black "Van Maele, Richard"]
[Result "0-1"]
[WhiteElo "1361"]
[BlackElo "1770"]
[PlyCount "86"]
[SourceDate "2014.11.25"]

1. e4 e6 2. d4 d5 3. exd5 exd5 4. c3 Bd6 5. Nf3 Nf6 6. h3 O-O 7. Be2 c6 8. Bg5
Nbd7 9. Nbd2 Qc7 10. O-O Re8 11. Bd3 h6 12. Be3 Ne4 13. Qc2 Ndf6 14. c4 Nxd2
15. Nxd2 dxc4 16. Nxc4 Bf4 17. b4 Be6 18. Qd2 Bxe3 19. fxe3 Bxc4 20. Bxc4 Re7
21. Rf3 Rf8 22. Qd3 Qd6 23. a3 Rfe8 24. Re1 Ne4 25. Ref1 Ng5 26. Qb3 Nxf3+ 27.
Rxf3 Rf8 28. Kf2 b5 29. Bd3 a6 30. Bc2 g6 31. Rg3 Re6 32. Qc3 Rf6+ 33. Rf3
Rxf3+ 34. Kxf3 Re8 35. Be4 Qf6+ 36. Ke2 Rxe4 37. Qc5 Qe6 38. Qc3 Qa2+ 39. Kf3
Re6 40. Kf4 Rf6+ 41. Ke4 Qb1+ 42. Ke5 Re6+ 43. Kf4 Qe4+ 0-1

[Event "OpenVeteranLigueNPC"]
[Site "?"]
[Date "2014.11.25"]
[Round "2"]
[White "Juteau, Patrick"]
[Black "Dvorsak, Hans"]
[Result "0-1"]
[WhiteElo "1170"]
[BlackElo "1837"]
[PlyCount "26"]
[SourceDate "2014.11.25"]

1. e4 e5 2. Nf3 Nc6 3. Nc3 Bc5 4. Bc4 d6 5. O-O Bg4 6. d3 Nd4 7. h3 Nxf3+ 8.
Kh1 Nh2 9. hxg4 Qh4 10. g3 Qh3 11. Bxf7+ Kxf7 12. Kg1 Nf6 13. Qd2 Nf3# 0-1

[Event "OpenVeteranLigueNPC"]
[Site "?"]
[Date "2014.11.25"]
[Round "2"]
[White "Van Maele, Richard"]
[Black "Delobel, Bernard"]
[Result "1-0"]
[WhiteElo "1770"]
[BlackElo "1892"]
[PlyCount "77"]
[SourceDate "2014.11.25"]

1. d4 d5 2. Nf3 Nf6 3. Bg5 Nbd7 4. Nbd2 h6 5. Bh4 e6 6. e3 Be7 7. Bd3 O-O 8.
O-O a6 9. c3 c5 10. Qb1 c4 11. Bc2 b5 12. e4 dxe4 13. Nxe4 Bb7 14. Nxf6+ Nxf6
15. Bxf6 Bxf6 16. Be4 Qc7 17. Re1 Rad8 18. a3 Bc6 19. Qc2 Bxe4 20. Rxe4 Rd5 21.
Rae1 Rfd8 22. g3 Rf5 23. Nh4 Bxh4 24. Rxh4 Qc6 25. Rhe4 g6 26. Qe2 Qd6 27. f4
h5 28. Re5 Rxe5 29. fxe5 Qe7 30. Qe3 Kg7 31. Rf1 a5 32. Rf6 b4 33. Qg5 Rd7 34.
axb4 axb4 35. Qc1 Ra7 36. Rf1 Ra2 37. Qd2 b3 38. Qf2 f5 39. exf6+ 1-0

[Event "OpenVeteranLigueNPC"]
[Site "?"]
[Date "2014.11.25"]
[Round "2"]
[White "Bougel, Claude"]
[Black "Rosaia, Dany"]
[Result "1-0"]
[WhiteElo "1718"]
[BlackElo "1361"]
[PlyCount "93"]
[SourceDate "2014.11.25"]

1. c4 e5 2. Nc3 c6 3. Nf3 d6 4. d4 f6 5. e4 Ne7 6. Be2 Ng6 7. Be3 Be7 8. Qb3
exd4 9. Nxd4 c5 10. Nf3 O-O 11. O-O Ne5 12. Rad1 Na6 13. a3 b6 14. Nd2 Bb7 15.
f4 Nc6 16. Nf3 Na5 17. Qc2 Qc7 18. Rd2 Rad8 19. Rfd1 Bc6 20. Nd5 Bxd5 21. Rxd5
Rf7 22. Nh4 g6 23. Nf3 Qb8 24. R5d2 Nc6 25. Ne1 Na5 26. Bf3 Kh8 27. Nd3 Nc7 28.
b4 Nb7 29. Nf2 a5 30. b5 Ne8 31. Rd3 Ng7 32. Bc1 Ne8 33. Bb2 Kg7 34. Nh3 h6 35.
Bg4 Rf8 36. Rg3 Kf7 37. Bf3 Ng7 38. Qe2 Rde8 39. Nf2 h5 40. Qd3 Nd8 41. Qd5+
Nde6 42. f5 Qc8 43. Rxg6 Rh8 44. Rg3 Kf8 45. fxe6 Qxe6 46. Rg6 Kf7 47. Rxg7+
1-0

[Event "OpenVeteranLigueNPC"]
[Site "?"]
[Date "2014.11.25"]
[Round "2"]
[White "Weill, Serge"]
[Black "Mahieu, Jacques"]
[Result "1-0"]
[WhiteElo "1923"]
[BlackElo "1601"]
[PlyCount "109"]
[SourceDate "2014.11.25"]

1. e4 e6 2. d4 d5 3. Nc3 Nc6 4. e5 Nge7 5. Nf3 Nf5 6. Bg5 Be7 7. Bxe7 Qxe7 8.
a3 a6 9. g3 Bd7 10. Bg2 Na5 11. b4 Nc4 12. O-O O-O 13. Re1 c6 14. Na4 a5 15. c3
Rfb8 16. Bf1 b5 17. Bxc4 bxc4 18. Nc5 Be8 19. g4 Nh4 20. Nxh4 Qxh4 21. Qf3 Ra7
22. Reb1 a4 23. Kg2 Kh8 24. Qg3 Qxg3+ 25. hxg3 Rc8 26. g5 f6 27. gxf6 gxf6 28.
exf6 Bg6 29. Re1 Bf5 30. f3 Rg8 31. g4 Rf7 32. Kf2 Bc2 33. Rxe6 Rg6 34. Rxc6
Rgxf6 35. Rxf6 Rxf6 36. Re1 Kg7 37. Re5 Bd1 38. Re3 h6 39. Kg3 Kf7 40. Nd7 Rd6
41. Ne5+ Kf6 42. Re1 Bc2 43. Re2 Bd1 44. Rd2 Bb3 45. f4 Kg7 46. f5 Kf6 47. Rh2
Kg7 48. Kf4 Bd1 49. g5 hxg5+ 50. Kxg5 Rb6 51. Nd7 Rd6 52. f6+ Kg8 53. Ne5 Re6
54. f7+ Kg7 55. Rf2 1-0

[Event "OpenVeteranLigueNPC"]
[Site "?"]
[Date "2014.11.25"]
[Round "2"]
[White "Patrat, Joel"]
[Black "Deknuydt, Claudy"]
[Result "1/2-1/2"]
[WhiteElo "1841"]
[BlackElo "1928"]
[PlyCount "115"]
[SourceDate "2014.11.25"]

1. f4 d5 2. e3 Nf6 3. Nf3 Bg4 4. d4 e6 5. Bd3 c5 6. c3 Nc6 7. O-O Be7 8. Qe1
Qb6 9. Nbd2 g6 10. Ne5 Bf5 11. Ndf3 Bxd3 12. Nxd3 Ne4 13. Nde5 f6 14. Nxc6 Qxc6
15. Bd2 O-O 16. Qe2 Bd6 17. Be1 a5 18. a4 c4 19. Nd2 Nxd2 20. Qxd2 b5 21. axb5
Qxb5 22. Bg3 Rfb8 23. Rf2 a4 24. Qc2 Qb3 25. Re2 Qxc2 26. Rxc2 Rb3 27. Be1 Kf7
28. Bd2 a3 29. bxa3 Raxa3 30. Rxa3 Bxa3 31. Kf2 e5 32. dxe5 fxe5 33. g3 Ke6 34.
Ke2 Kf5 35. Kf3 h5 36. h3 e4+ 37. Ke2 Rb1 38. Be1 Ke6 39. g4 hxg4 40. hxg4 Bc5
41. Bd2 Rg1 42. g5 Kf5 43. Kf2 Rg4 44. Kf1 Rg3 45. Kf2 Kg4 46. Rc1 Rf3+ 47. Ke2
Kg3 48. Rh1 Rf2+ 49. Ke1 Rh2 50. Rxh2 Kxh2 51. Kf2 Kh3 52. Bc1 Kg4 53. Bd2 Bf8
54. Be1 Kf5 55. Kg3 Ba3 56. Bd2 Bb2 57. Kf2 Kg4 58. Ke2 1/2-1/2

[Event "OpenVeteranLigueNPC"]
[Site "?"]
[Date "2014.11.25"]
[Round "3"]
[White "Deschuyteneer, Lucien"]
[Black "Bougel, Claude"]
[Result "1/2-1/2"]
[WhiteElo "1474"]
[BlackElo "1718"]
[PlyCount "59"]
[SourceDate "2014.11.25"]

1. e4 c5 2. Nf3 d6 3. c3 Nf6 4. Bb5+ Nc6 5. d3 a6 6. Bxc6+ bxc6 7. h3 Qc7 8.
O-O g6 9. Bf4 e5 10. Bh2 Bg7 11. Nbd2 O-O 12. Re1 Rb8 13. Qc2 Nh5 14. Nf1 f5
15. N3d2 Be6 16. b3 Qf7 17. Nc4 Bxc4 18. bxc4 fxe4 19. Rxe4 Nf4 20. Bxf4 exf4
21. f3 d5 22. cxd5 cxd5 23. Re2 Rb6 24. Kh2 Rfb8 25. Rae1 Bf6 26. c4 Rb2 27.
Qa4 Rxe2 28. Rxe2 dxc4 29. dxc4 Qb7 30. Nd2 1/2-1/2

[Event "OpenVeteranLigueNPC"]
[Site "?"]
[Date "2014.11.25"]
[Round "3"]
[White "Delobel, Bernard"]
[Black "Juteau, Patrick"]
[Result "1-0"]
[WhiteElo "1892"]
[BlackElo "1170"]
[PlyCount "63"]
[SourceDate "2014.11.25"]

1. d4 d5 2. c4 Nf6 3. cxd5 Nxd5 4. e4 Nb6 5. Nc3 e6 6. Nf3 Be7 7. Bd3 O-O 8.
O-O N8d7 9. Bf4 c5 10. d5 exd5 11. exd5 Nf6 12. d6 Bxd6 13. Bxd6 Qxd6 14. Bxh7+
Nxh7 15. Qxd6 Bf5 16. Qxc5 Bd7 17. Ne5 Rac8 18. Qd4 Rcd8 19. Nxd7 Rxd7 20. Qf4
a5 21. Rad1 g5 22. Qe4 Nf6 23. Qe5 Nh5 24. Qxg5+ Ng7 25. Rxd7 Nxd7 26. Ne4 f6
27. Qd5+ Rf7 28. Nd6 Ne5 29. f4 Ng4 30. Qxf7+ Kh7 31. Nf5 Ne3 32. Qxg7# 1-0

[Event "OpenVeteranLigueNPC"]
[Site "?"]
[Date "2014.11.25"]
[Round "3"]
[White "Deknuydt, Claudy"]
[Black "Van Maele, Richard"]
[Result "1-0"]
[WhiteElo "1928"]
[BlackElo "1770"]
[PlyCount "103"]
[SourceDate "2014.11.25"]

1. e4 e6 2. d4 d5 3. Nc3 Nf6 4. Bg5 Be7 5. e5 Ng8 6. Be3 a6 7. Qg4 Bf8 8. Bd3
Ne7 9. Nf3 h6 10. Ne2 c6 11. Ng3 g6 12. h4 h5 13. Qf4 Nf5 14. Ng5 Qe7 15. O-O-O
Bh6 16. Nxf5 exf5 17. Qf3 O-O 18. Kb1 Re8 19. Rhe1 Nd7 20. Bf4 Nf8 21. c4 Bxg5
22. Bxg5 Qe6 23. Rc1 Bd7 24. Bd2 Nh7 25. Qf4 Rac8 26. c5 Rb8 27. Re3 Qe7 28.
Rg3 Kh8 29. Be2 Rg8 30. Qf3 Be6 31. Rc3 Rbe8 32. Qf4 Bc8 33. Bd1 Be6 34. Rb3
Bc8 35. Rh3 Qf8 36. f3 Re7 37. g4 fxg4 38. fxg4 hxg4 39. Bxg4 Bxg4 40. Qxg4 f5
41. Qg1 f4 42. Rbf3 Rf7 43. Qg4 Rf5 44. Rxf4 Rxf4 45. Bxf4 Qf5+ 46. Qxf5 gxf5
47. e6 Rg1+ 48. Kc2 Kg8 49. Be5 Kf8 50. Bd6+ Ke8 51. Rf3 Re1 52. e7 1-0

[Event "OpenVeteranLigueNPC"]
[Site "?"]
[Date "2014.11.26"]
[Round "4"]
[White "Deschuyteneer, Lucien"]
[Black "Lucas, Jean"]
[Result "0-1"]
[WhiteElo "1474"]
[BlackElo "1754"]
[PlyCount "78"]
[SourceDate "2014.11.25"]

1. e4 e5 2. Nf3 Nc6 3. Bb5 f5 4. d3 fxe4 5. dxe4 Nf6 6. O-O Bc5 7. Nc3 d6 8.
Bg5 O-O 9. Bc4+ Kh8 10. a3 Qe8 11. b4 Bb6 12. Qd3 Bg4 13. Nd2 Qg6 14. Be3 Bh3
15. g3 Bxf1 16. Nxf1 Ng4 17. Nd5 Nxf2 18. Bxf2 Bxf2+ 19. Kh1 Bb6 20. Nxb6 axb6
21. c3 Qh5 22. Qe2 Qf3+ 23. Qxf3 Rxf3 24. Nd2 Rxc3 25. Rf1 Rc2 26. Rf2 Nd4 27.
Kg2 b5 28. Bd5 c6 29. Bf7 g6 30. Bb3 Nxb3 31. Nxb3 Rxf2+ 32. Kxf2 Rxa3 33. Na5
c5 34. Nxb7 cxb4 35. Nxd6 Ra5 36. Nf7+ Kg7 37. Nxe5 b3 38. Nd3 b2 39. Nxb2 Ra2
0-1

[Event "OpenVeteranLigueNPC"]
[Site "?"]
[Date "2014.11.26"]
[Round "4"]
[White "Bougel, Claude"]
[Black "Mahieu, Jacques"]
[Result "1/2-1/2"]
[WhiteElo "1718"]
[BlackElo "1601"]
[PlyCount "57"]
[SourceDate "2014.11.25"]

1. c4 e5 2. Nc3 Nf6 3. Nf3 Nc6 4. d4 exd4 5. Nxd4 Ne5 6. e3 Bb4 7. Bd2 O-O 8.
Be2 d5 9. cxd5 Nxd5 10. Nxd5 Bxd2+ 11. Qxd2 Qxd5 12. Nf3 Qxd2+ 13. Kxd2 Rd8+
14. Kc3 Ng4 15. Rhf1 c5 16. h3 Nf6 17. Rad1 Be6 18. Rxd8+ Rxd8 19. b3 Ne4+ 20.
Kb2 Kf8 21. Bc4 Bxc4 22. bxc4 Nd2 23. Nxd2 Rxd2+ 24. Kb3 Ke7 25. a4 b6 26. Kc3
Ra2 27. Kb3 Rd2 28. Kc3 Ra2 29. Kb3 1/2-1/2

[Event "OpenVeteranLigueNPC"]
[Site "?"]
[Date "2014.11.26"]
[Round "4"]
[White "Wuhrmann, Daniel"]
[Black "Delobel, Bernard"]
[Result "1/2-1/2"]
[WhiteElo "1761"]
[BlackElo "1892"]
[PlyCount "53"]
[SourceDate "2014.11.25"]

1. e4 e5 2. Nf3 Nf6 3. Bc4 Nxe4 4. Nc3 Nf6 5. Nxe5 d5 6. Bb3 Be7 7. d4 c6 8.
O-O O-O 9. Re1 Be6 10. Bf4 Nbd7 11. Qe2 Re8 12. Bg3 c5 13. Nxd7 Nxd7 14. Nb5 c4
15. Ba4 Rc8 16. Nxa7 Ra8 17. Nb5 Rxa4 18. Nc7 Bf6 19. Nxe8 Qxe8 20. c3 b5 21.
f4 g6 22. Bf2 h5 23. f5 gxf5 24. Qxh5 Bg7 25. Bh4 Ra8 26. Re2 f6 27. Qf3
1/2-1/2

[Event "OpenVeteranLigueNPC"]
[Site "?"]
[Date "2014.11.27"]
[Round "5"]
[White "Deknuydt, Claudy"]
[Black "Deschuyteneer, Lucien"]
[Result "1-0"]
[WhiteElo "1928"]
[BlackElo "1474"]
[PlyCount "81"]
[SourceDate "2014.11.25"]

1. e4 e5 2. Nf3 Nf6 3. d4 Nxe4 4. Bd3 d5 5. Nxe5 Nf6 6. O-O Be7 7. h3 O-O 8.
Bf4 Nc6 9. c3 Be6 10. Qc2 g6 11. Bh6 Re8 12. f4 Bf8 13. Bg5 Be7 14. Nd2 Nh5 15.
Bxe7 Nxe7 16. g4 Ng3 17. Rf3 Ne4 18. Nxe4 dxe4 19. Bxe4 Bd5 20. Bxd5 Nxd5 21.
Raf1 f6 22. Nd3 Kg7 23. Qf2 b5 24. Qd2 Qd6 25. b3 Re7 26. c4 bxc4 27. bxc4 Nb6
28. Qc3 Qd8 29. d5 Re2 30. Nc5 Qd6 31. Ne6+ Kf7 32. R1f2 Rxf2 33. Rxf2 Rg8 34.
Rd2 Na4 35. Qd4 Qb6 36. c5 Qb1+ 37. Kg2 Qb5 38. g5 fxg5 39. Nxg5+ Ke8 40. Qe5+
Kd8 41. Ne6+ 1-0

[Event "OpenVeteranLigueNPC"]
[Site "?"]
[Date "2014.11.27"]
[Round "5"]
[White "Patrat, Joel"]
[Black "Rosaia, Dany"]
[Result "0-1"]
[WhiteElo "1841"]
[BlackElo "1361"]
[PlyCount "114"]
[SourceDate "2014.11.25"]

1. f4 d5 2. e3 Nf6 3. d4 Bf5 4. Nf3 Nbd7 5. Bd3 Ne4 6. O-O e6 7. c3 Be7 8. Qe2
a6 9. Nbd2 O-O 10. Ne5 Nxe5 11. fxe5 Nxd2 12. Bxd2 Bxd3 13. Qxd3 f5 14. exf6
Rxf6 15. e4 c6 16. e5 Rxf1+ 17. Rxf1 Bg5 18. Be1 Qe7 19. Rf3 Rf8 20. Rxf8+ Qxf8
21. h4 Be7 22. Qh3 Qf7 23. Kh2 h5 24. Bd2 Qf5 25. Qg3 Kf7 26. Be1 g5 27. hxg5
Bxg5 28. Qf3 Kg6 29. b3 b5 30. Kg3 h4+ 31. Kf2 Qc2+ 32. Qe2 Qf5+ 33. Kg1 Qe4
34. Qxe4+ dxe4 35. g3 hxg3 36. Bxg3 Kf5 37. Kf2 Bd2 38. c4 Bc3 39. Ke3 Bb2 40.
Ke2 Bxd4 41. cxb5 cxb5 42. a4 Bxe5 43. Bf2 Bf4 44. Bd4 e5 45. Bc5 Ke6 46. axb5
axb5 47. Ba7 Kd5 48. Bb6 Bc1 49. Ba5 Kd4 50. Bb4 Bb2 51. Kd2 e3+ 52. Kc2 Ba1
53. Ba5 Ke4 54. Be1 Kf3 55. Kd1 Bd4 56. Bb4 e4 57. Ke1 e2 0-1

[Event "OpenVeteranLigueNPC"]
[Site "?"]
[Date "2014.11.27"]
[Round "5"]
[White "Dvorsak, Hans"]
[Black "Lucas, Jean"]
[Result "1-0"]
[WhiteElo "1837"]
[BlackElo "1754"]
[PlyCount "59"]
[SourceDate "2014.11.25"]

1. e4 e5 2. Nf3 Nc6 3. Bc4 Bc5 4. c3 Nf6 5. d4 exd4 6. cxd4 Bb4+ 7. Bd2 Bxd2+
8. Nbxd2 d5 9. exd5 Nxd5 10. Qb3 Nde7 11. Bxf7+ Kf8 12. O-O Nxd4 13. Nxd4 Qxd4
14. Nf3 Qf6 15. Rad1 Bg4 16. Bd5 Nxd5 17. Rxd5 Be6 18. Qb4+ Qe7 19. Rc5 c6 20.
Re1 Kg8 21. Ng5 b6 22. Nxe6 bxc5 23. Qc4 Qf7 24. Qxc5 Qd7 25. Ng5 Qd5 26. Qxa7
Rd8 27. Qe7 g6 28. Ne6 Qd7 29. Qxd8+ Qxd8 30. Nxd8 1-0

[Event "OpenVeteranLigueNPC"]
[Site "?"]
[Date "2014.11.27"]
[Round "5"]
[White "Juteau, Patrick"]
[Black "Wuhrmann, Daniel"]
[Result "0-1"]
[WhiteElo "1170"]
[BlackElo "1761"]
[PlyCount "88"]
[SourceDate "2014.11.25"]

1. e4 c5 2. Bc4 e6 3. Nf3 d6 4. O-O Nf6 5. e5 dxe5 6. Nxe5 Nbd7 7. Nf3 Be7 8.
Nc3 a6 9. d3 b5 10. Bb3 Bb7 11. Bf4 O-O 12. h3 Nb6 13. a4 b4 14. Nb1 Nfd5 15.
Bc1 a5 16. d4 Ba6 17. Re1 c4 18. Ba2 Qc7 19. Ne5 Nd7 20. Qg4 f5 21. Qf3 Bf6 22.
Qg3 Nxe5 23. Bf4 Nxf4 24. Qxf4 Rac8 25. Nd2 Ng6 26. Qe3 Rfe8 27. Bb1 Qf4 28.
Qxf4 Nxf4 29. c3 bxc3 30. bxc3 Nd5 31. f3 Nxc3 32. Bc2 Bxd4+ 33. Kh2 Nd5 34. g4
Bxa1 35. Rxa1 fxg4 36. fxg4 Rb8 37. h4 Rb2 38. Rc1 Ne3 39. Be4 Rxd2+ 40. Kg3
Rf8 41. h5 Nf1+ 42. Kh4 Rh2+ 43. Kg5 h6+ 44. Kg6 Rf6# 0-1

[Event "OpenVeteranLigueNPC"]
[Site "?"]
[Date "2014.11.27"]
[Round "5"]
[White "Delobel, Bernard"]
[Black "Weill, Serge"]
[Result "0-1"]
[WhiteElo "1892"]
[BlackElo "1923"]
[PlyCount "94"]
[SourceDate "2014.11.25"]

1. d4 Nf6 2. c4 c5 3. dxc5 e6 4. Be3 Na6 5. Nf3 Nxc5 6. Bxc5 Bxc5 7. e3 O-O 8.
Be2 Qb6 9. Qc2 d5 10. O-O Bd7 11. Ne5 Rfd8 12. Nxd7 Rxd7 13. Nc3 Rad8 14. Rad1
dxc4 15. Rxd7 Rxd7 16. Bxc4 Qc7 17. Qe2 Bb4 18. Nb5 Qb6 19. Rd1 a6 20. Rxd7
Nxd7 21. Nd4 Ne5 22. Bb3 Bc5 23. Nf3 Ng4 24. h3 Nf6 25. Bc2 g6 26. Bb1 Ba3 27.
b3 Qd8 28. Qd3 Qc7 29. Qc2 Qxc2 30. Bxc2 b5 31. e4 Kf8 32. Kf1 Nd7 33. g4 Ke7
34. Ke2 h6 35. Nd2 Bc1 36. Nb1 Kd6 37. f3 b4 38. Nd2 Bxd2 39. Kxd2 e5 40. Ke3
g5 41. Bd1 a5 42. Be2 Nb6 43. Bb5 f6 44. Be2 Kc5 45. Bf1 a4 46. Be2 a3 47. Bf1
Na4 0-1

[Event "OpenVeteranLigueNPC"]
[Site "?"]
[Date "2014.11.28"]
[Round "6"]
[White "Juteau, Patrick"]
[Black "Patrat, Joel"]
[Result "0-1"]
[WhiteElo "1170"]
[BlackElo "1841"]
[PlyCount "77"]
[SourceDate "2014.11.25"]

1. e4 c5 2. Bc4 e6 3. Nf3 Qc7 4. O-O a6 5. d3 Nc6 6. b3 b5 7. Ng5 bxc4 8. Qf3
Nf6 9. dxc4 Nd4 10. Qd3 Bb7 11. Nd2 h6 12. Ngf3 Bd6 13. g3 Nxf3+ 14. Qxf3 Be5
15. Rb1 O-O 16. Bb2 Bxb2 17. Rxb2 Qe5 18. Rbb1 Bxe4 19. Nxe4 Qxe4 20. Qxe4 Nxe4
21. Rbe1 Nd2 22. c3 Nxf1 23. Kxf1 d5 24. cxd5 exd5 25. Re5 Rad8 26. c4 Rfe8 27.
Rxd5 Rxd5 28. cxd5 Rd8 29. Kg2 Rxd5 30. f4 Rd2+ 31. Kh3 Rxa2 32. g4 Ra3 33. Kh4
Rxb3 34. h3 a5 35. g5 a4 36. gxh6 gxh6 37. Kg4 a3 38. h4 a2 39. h5 0-1

[Event "OpenVeteranLigueNPC"]
[Site "?"]
[Date "2014.11.28"]
[Round "6"]
[White "Weill, Serge"]
[Black "Bougel, Claude"]
[Result "1-0"]
[WhiteElo "1923"]
[BlackElo "1718"]
[PlyCount "50"]
[SourceDate "2014.11.25"]

1. e4 c5 2. Nf3 Nc6 3. d4 cxd4 4. Nxd4 d6 5. Be2 Nf6 6. Nxc6 bxc6 7. Bd3 Qc7 8.
O-O g6 9. Nc3 Bg7 10. f4 a6 11. Kh1 Rb8 12. Rb1 h5 13. Be3 Ng4 14. Bg1 O-O 15.
h3 Nf6 16. Qe1 Nd7 17. b3 Qa5 18. Ne2 Qxe1 19. Rbxe1 a5 20. a4 c5 21. Be3 Bb7
22. Bd2 Ra8 23. Nc3 Bxc3 24. Bxc3 d5 25. Bb5 Nf6 1-0

[Event "OpenVeteranLigueNPC"]
[Site "?"]
[Date "2014.11.28"]
[Round "6"]
[White "Deschuyteneer, Lucien"]
[Black "Delobel, Bernard"]
[Result "0-1"]
[WhiteElo "1474"]
[BlackElo "1892"]
[PlyCount "94"]
[SourceDate "2014.11.25"]

1. e4 e5 2. Nf3 Nf6 3. Nxe5 d6 4. Nf3 Nxe4 5. d4 d5 6. h3 Bd6 7. Bd3 O-O 8. O-O
c6 9. c4 h6 10. cxd5 cxd5 11. Nc3 Nxc3 12. bxc3 Nd7 13. Bd2 Nf6 14. Re1 Bd7 15.
Qc2 Rc8 16. Rab1 b6 17. Ne5 Rc7 18. Nxd7 Rxd7 19. Re2 Re7 20. Rbe1 Rxe2 21.
Rxe2 Re8 22. Rxe8+ Qxe8 23. Kf1 b5 24. Qb3 a6 25. Bc2 Qc8 26. Bd3 Qc6 27. Be1
g6 28. g3 Kg7 29. Kg2 Be7 30. f3 Nd7 31. Bf2 Nb6 32. f4 Nc4 33. Kg1 f5 34. Bxc4
dxc4 35. Qd1 Qd5 36. Qe2 Kf7 37. Qe5 Qxe5 38. dxe5 h5 39. Kf1 Ke6 40. Ke2 Kd5
41. Kf3 a5 42. Bb6 b4 43. Bxa5 b3 44. axb3 cxb3 45. c4+ Kxc4 46. e6 b2 47. Bb4
Bxb4 0-1

[Event "OpenVeteranLigueNPC"]
[Site "?"]
[Date "2014.11.28"]
[Round "6"]
[White "Lucas, Jean"]
[Black "Van Maele, Richard"]
[Result "1-0"]
[WhiteElo "1754"]
[BlackElo "1770"]
[PlyCount "71"]
[SourceDate "2014.11.25"]

1. e4 e6 2. d4 d5 3. Nd2 c5 4. exd5 Qxd5 5. dxc5 Bxc5 6. Ngf3 Qd8 7. Bb5+ Bd7
8. Qe2 Nc6 9. O-O Nf6 10. Nb3 Be7 11. Be3 O-O 12. Nc5 Qc7 13. Nxd7 Nxd7 14.
Rfd1 Nf6 15. c4 a6 16. Ba4 Rad8 17. a3 Ng4 18. Rac1 Nxe3 19. Qxe3 Bf6 20. b4
Ne7 21. Bc2 Ng6 22. c5 Qf4 23. Bxg6 Qxe3 24. Bxf7+ Kxf7 25. fxe3 Ke7 26. a4
Rxd1+ 27. Rxd1 Rd8 28. Rxd8 Kxd8 29. Nd4 Kd7 30. b5 Bd8 31. Kf2 Bc7 32. h3 Bb8
33. Kf3 axb5 34. axb5 Ba7 35. c6+ bxc6 36. bxc6+ 1-0

[Event "OpenVeteranLigueNPC"]
[Site "?"]
[Date "2014.11.29"]
[Round "7"]
[White "Bougel, Claude"]
[Black "Juteau, Patrick"]
[Result "1-0"]
[WhiteElo "1718"]
[BlackElo "1170"]
[PlyCount "69"]
[SourceDate "2014.11.25"]

1. c4 e5 2. Nc3 c6 3. Nf3 f6 4. e4 Bc5 5. Na4 Na6 6. Be2 Nh6 7. O-O Ng4 8. Nxc5
Nxc5 9. d3 O-O 10. h3 f5 11. hxg4 fxg4 12. Nxe5 d6 13. Nxg4 b5 14. cxb5 d5 15.
b4 Ne6 16. bxc6 Nd4 17. Be3 Nxe2+ 18. Qxe2 h5 19. Ne5 Qe8 20. f4 dxe4 21. dxe4
Rb8 22. Bc5 Rf6 23. Rad1 Be6 24. f5 Kh7 25. Nd7 Rc8 26. Nxf6+ gxf6 27. fxe6
Qxe6 28. Qxh5+ Kg7 29. Rd7+ Qxd7 30. cxd7 Rd8 31. Be7 Rxd7 32. Bxf6+ Kf8 33.
Qh8+ Kf7 34. Bh4+ Ke6 35. Qf6# 1-0

[Event "OpenVeteranLigueNPC"]
[Site "?"]
[Date "2014.11.29"]
[Round "7"]
[White "Patrat, Joel"]
[Black "Deschuyteneer, Lucien"]
[Result "1-0"]
[WhiteElo "1841"]
[BlackElo "1474"]
[PlyCount "77"]
[SourceDate "2014.11.25"]

1. c4 c5 2. e3 Nf6 3. Qc2 g6 4. Nf3 Bg7 5. Nc3 O-O 6. Be2 Nc6 7. a3 d6 8. h3
Bf5 9. d3 Bd7 10. g4 e5 11. Bd2 a6 12. Nh2 Rb8 13. h4 b5 14. g5 Ne8 15. Rg1
bxc4 16. dxc4 Na5 17. b4 cxb4 18. axb4 Nc6 19. Nd5 Be6 20. Qa4 Bxd5 21. cxd5
Ne7 22. e4 Nc7 23. Rc1 Nb5 24. Qxa6 Nd4 25. Bg4 Nb3 26. Rb1 Nxd2 27. Kxd2 Qb6
28. Qxb6 Rxb6 29. Rgc1 Rfb8 30. Rc4 h6 31. Bd7 h5 32. b5 Kh7 33. Rc7 Bf8 34.
Nf1 Ra8 35. Ne3 Ra2+ 36. Ke1 Ra4 37. Nc4 Rb8 38. b6 Ng8 39. Bxa4 1-0

[Event "OpenVeteranLigueNPC"]
[Site "?"]
[Date "2014.11.29"]
[Round "7"]
[White "Wuhrmann, Daniel"]
[Black "Weill, Serge"]
[Result "1/2-1/2"]
[WhiteElo "1761"]
[BlackElo "1923"]
[PlyCount "47"]
[SourceDate "2014.11.25"]

1. e4 e5 2. Nf3 Nc6 3. Bb5 a6 4. Ba4 Nf6 5. O-O b5 6. Bb3 Bc5 7. c3 Nxe4 8. Qe2
d5 9. d3 Nf6 10. d4 Be7 11. dxe5 Ne4 12. Nbd2 Nc5 13. Bc2 Bg4 14. h3 Bh5 15.
Qe3 Ne6 16. Nd4 Ncxd4 17. cxd4 c5 18. dxc5 O-O 19. b4 a5 20. Nb3 d4 21. Qd2
axb4 22. Bd3 Bg6 23. Bxg6 hxg6 24. Qxb4 1/2-1/2